Neighborhoods of Washington, D.C. Map Quiz - Statistics

General Stats
  • This quiz has been taken 791 times
  • The average score is 29 of 120
Answers on the Map
Answers color-coded by a green-red scale on the quiz's map according to % correct below.
 
Answer Stats
Neighborhood % Correct
Georgetown
91%
Capitol Hill
81%
Dupont Circle
77%
Anacostia
75%
Foggy Bottom
73%
Navy Yard
70%
Adams Morgan
68%
NoMa
64%
Tenleytown
64%
Downtown
62%
Columbia Heights
58%
Chinatown
55%
Woodley Park
55%
Cleveland Park
54%
Shaw
54%
Chevy Chase
52%
Logan Circle
51%
Takoma
51%
Kalorama Triangle
49%
Friendship Heights
48%
U Street Corridor
48%
Petworth
45%
Mount Vernon Square
44%
Southwest Waterfront
44%
The Palisades
44%
Brookland
43%
Forest Hills
43%
Federal Triangle
41%
Fort Totten
37%
Mount Pleasant
37%
American University Park
35%
Congress Heights
35%
West End
34%
Brentwood
32%
Judiciary Square
32%
Foxhall
31%
Penn Quarter
31%
Glover Park
30%
Cathedral Heights
29%
Sixteenth Street Heights
29%
Trinidad
28%
Eckington
26%
Benning
25%
Deanwood
25%
Bloomingdale
23%
Ivy City
23%
Brightwood
20%
LeDroit Park
20%
Observatory Circle
20%
Spring Valley
20%
Gallaudet
18%
Arboretum
17%
Kingman Park
17%
Truxton Circle
17%
Barry Farm
15%
Crestwood
15%
Kenilworth
15%
Michigan Park
15%
Park View
15%
Shepherd Park
15%
Barnaby Woods
14%
Burleith
14%
Colonial Village
14%
Fort Dupont
14%
Pleasant Plains
14%
Carver Langston
13%
Near Northeast
13%
Wesley Heights
13%
Edgewood
12%
Bellevue
11%
Fort Lincoln
11%
Kent
11%
McLean Gardens
11%
Capitol View
10%
Douglass
10%
Manor Park
10%
North Cleveland Park
10%
Woodland
10%
Woodridge
10%
Barney Circle
9%
Buena Vista
9%
Dupont Park
9%
Hawthorne
9%
Hillcrest
9%
Langdon
9%
Lincoln Heights
9%
Saint Elizabeths
9%
Benning Heights
8%
Benning Ridge
8%
Burrville
8%
Fairlawn
8%
Mayfair
8%
Berkley
7%
Civic Betterment
7%
East Corner
7%
Eastland Gardens
7%
Garfield Heights
7%
Gateway
7%
Greenway
7%
Marshall Heights
7%
Riggs Park
7%
River Terrace
7%
Sheridan-Kalorama
7%
Shipley Terrace
7%
Swampoodle
7%
Wakefield
7%
Washington Highlands
7%
Colony Hill
6%
Fairfax Village
6%
Naylor Gardens
6%
Pleasant Hill
6%
Woodland Normanstone
6%
Central Northeast
5%
Fort Davis
5%
Good Hope
5%
Massachusetts Heights
5%
Randle Highlands
5%
Twining
5%
Knox Hill
4%
Hillbrook
3%
No matching quizzes found
Score Distribution
Percent of People with Each Score
Percentile by Number Answered
Your Score History
You have not taken this quiz